Estadísticas para Ciudades más pobladas de cada estado de EE.UU.

Haz click aquí para intentar la prueba.

Estadísticas generales

  • Esta prueba ha sido intentada 658 veces
  • La puntuación promedio es 23 de 50

Estadísticas de respuestas

EstadoCiudad más poblada% Correcto
CaliforniaLos Angeles
95%
Nueva YorkNueva York
95%
FloridaMiami
92%
IllinoisChicago
88%
MassachusettsBoston
85%
TexasHouston
83%
ColoradoDenver
76%
NevadaLas Vegas
76%
GeorgiaAtlanta
73%
WashingtonSeattle
72%
ArizonaPhoenix
71%
MichiganDetroit
69%
HawaiiHonolulu
68%
PensilvaniaFiladelfia
67%
IndianaIndianapolis
66%
LuisianaNueva Orleans
66%
MisuriKansas City
63%
MainePortland
62%
OregonPortland
62%
OklahomaOklahoma City
61%
UtahSalt Lake City
55%
MinnesotaMinneapolis
54%
TennesseeMemphis
48%
Nuevo MexicoAlbuquerque
45%
OhioColumbus
45%
AlaskaAnchorage
43%
Carolina del NorteCharlotte
43%
MarylandBaltimore
41%
WisconsinMilwaukee
39%
MisisipiJackson
37%
IdahoBoise
30%
IowaDes Moines
30%
ArkansasLittle Rock
29%
NebraskaOmaha
29%
KentuckyLouisville
25%
Virginia OccidentalCharleston
24%
Carolina del SurColumbia
23%
Rhode IslandProvidence
22%
KansasWichita
21%
AlabamaBirmingham
20%
WyomingCheyenne
20%
Nueva JerseyNewark
19%
VirginiaVirginia Beach
19%
Dakota del NorteFargo
15%
Dakota del SurSioux Falls
10%
MontanaBillings
8%
Nuevo HampshireManchester
8%
DelawareWilmington
8%
ConnecticutBridgeport
6%
VermontBurlington
5%

Distribución de puntuación

Porcentaje por número respondido

Porcentaje de gente con cada puntuación

Historial de tus puntuaciones

No has intentado esta prueba.